The Survey on actual conditions regarding access to Japan : replacement auto parts :
| Format: | Book |
|---|---|
| Published: |
Tokyo:
JETRO,
2002.
|
| Subjects: |
| LEADER | 00525cam a2200145 7i4500 | ||
|---|---|---|---|
| 001 | 0000011849 | ||
| 005 | 20030311090000.0 | ||
| 090 | 0 | 0 | |a JAPN 629.252 |b SUR |
| 245 | 0 | 0 | |a The Survey on actual conditions regarding access to Japan : |b replacement auto parts : |b replacement auto parts : |b March 2002. |
| 260 | 0 | 0 | |a Tokyo: |b JETRO, |c 2002. |
| 300 | # | # | |a [v.p]. |
| 650 | 0 | 0 | |a Automobile industry and trade -- |z Japan |
| 650 | 0 | 0 | |a Automobiles -- |x Parts -- |z Japan |
| 651 | 0 | 0 | |a Japan |
| 999 | |a 0000013572 |b Book |c Countries |e Business Information Centre | ||